| 000 | 00495nam a2200217Ia 4500 | ||
|---|---|---|---|
| 003 | OSt | ||
| 005 | 20260624164516.0 | ||
| 008 | 210423s1987 xx 000 0 und d | ||
| 020 | _a719532663 | ||
| 040 | _cAL | ||
| 041 | _aeng | ||
| 082 |
_a574 _bMACS |
||
| 100 |
_aMACQUEEN (Jean),Ed. _992915 |
||
| 245 | _aSuccess in biology. | ||
| 260 |
_aLondon _bJohn Murray _c1987 |
||
| 300 |
_axiii,466 _bPB |
||
| 365 | _cINR | ||
| 650 |
_aBiology _992916 |
||
| 906 | _abiology | ||
| 942 |
_2ddc _cBK |
||
| 999 |
_c162693 _d162693 |
||